[Event "1st Online FIDE Cup for disabled players"]
[Site "T#646224FIDE"]
[Date "2020.05.21"]
[Round "4"]
[White "ScerbinDmitrij"]
[Black "SargissyanSargis"]
[Result "1-0"]
[WhiteElo "1762"]
[BlackElo "1769"]
[Annotator "NA"]
[PlyCount "103"]
[EventDate "2020.05.21"]
[EventType "swiss (blitz)"]

1. e4 {[%emt 0:00:07]} c5 {[%emt 0:00:03]} 2. c4 {[%emt 0:00:07]} Nc6 {[%emt 0:00:02]} 3. Nf3 {[%emt 0:00:06]} g6 {[%emt 0:00:02]} 4. d4 {[%emt 0:00:13]} cxd4 {[%emt 0:00:01]} 5. Nxd4 {[%emt 0:00:03]} Nf6 {[%emt 0:00:17]} 6. Nc3 {[%emt 0:00:11]} Nxd4 {[%emt 0:00:03]} 7. Qxd4 {[%emt 0:00:06]} d6 {[%emt 0:00:00]} 8. Be3 {[%emt 0:01:06]} Bg7 {[%emt 0:00:02]} 9. f3 {[%emt 0:00:05]} O-O {[%emt 0:00:03]} 10. Qd3 {[%emt 0:00:04]} Be6 {[%emt 0:00:29]} 11. Rc1 {[%emt 0:00:39]} Rc8 {[%emt 0:00:42]} 12. b3 {[%emt 0:00:09]} Qa5 {[%emt 0:00:15]} 13. Qd2 {[%emt 0:00:13]} a6 {[%emt 0:00:40]} 14. Nd5 {[%emt 0:00:18]} Qxd2+ {[%emt 0:00:18]} 15. Kxd2 {[%emt 0:00:06]} Nxd5 {[%emt 0:00:28]} 16. exd5 {[%emt 0:00:11]} Bd7 {[%emt 0:00:12]} 17. Bd3 {[%emt 0:00:09]} Bb2 {[%emt 0:01:02]} 18. Rc2 {[%emt 0:00:24]} Ba3 {[%emt 0:00:01]} 19. Bd4 {[%emt 0:00:40]} Rfe8 {[%emt 0:00:20]} 20. h4 {[%emt 0:00:12]} b5 {[%emt 0:02:20]} 21. h5 {[%emt 0:00:42]} bxc4 {[%emt 0:01:10]} 22. Rxc4 {[%emt 0:00:18]} Rxc4 {[%emt 0:00:31]} 23. Bxc4 {[%emt 0:00:08]} Bb4+ {[%emt 0:00:13]} 24. Bc3 {[%emt 0:00:25]} a5 {[%emt 0:00:38]} 25. hxg6 {[%emt 0:00:13]} fxg6 {[%emt 0:00:13]} 26. Ra1 {[%emt 0:00:18]} Ra8 {[%emt 0:00:13]} 27. a3 {[%emt 0:00:19]} Bc5 {[%emt 0:00:11]} 28. Kd3 {[%emt 0:00:38]} h5 {[%emt 0:00:09]} 29. Bd4 {[%emt 0:00:10]} Bxd4 {[%emt 0:00:30]} 30. Kxd4 {[%emt 0:00:03]} Rb8 {[%emt 0:00:01]} 31. Kc3 {[%emt 0:00:36]} Rc8 {[%emt 0:00:03]} 32. Kd4 {[%emt 0:00:05]} Rb8 {[%emt 0:00:03]} 33. Rb1 {[%emt 0:00:05]} Kf7 {[%emt 0:00:54]} 34. b4 {[%emt 0:00:10]} axb4 {[%emt 0:00:13]} 35. axb4 {[%emt 0:00:11]} e5+ {[%emt 0:00:24]} 36. dxe6+ {[%emt 0:00:06]} Bxe6 {[%emt 0:00:00]} 37. Bxe6+ {[%emt 0:00:05]} Kxe6 {[%emt 0:00:01]} 38. b5 {[%emt 0:00:04]} Rb6 {[%emt 0:00:03]} 39. Kc4 {[%emt 0:00:07]} h4 {[%emt 0:00:04]} 40. Kb4 {[%emt 0:00:14]} Ke5 {[%emt 0:00:15]} 41. Ka5 {[%emt 0:00:05]} Rb8 {[%emt 0:00:02]} 42. b6 {[%emt 0:00:05]} Kf4 {[%emt 0:00:01]} 43. Rb4+ {[%emt 0:00:09]} Ke3 {[%emt 0:00:10]} 44. Ka6 {[%emt 0:00:18]} d5 {[%emt 0:00:02]} 45. Ka7 {[%emt 0:00:05]} Rd8 {[%emt 0:00:03]} 46. Rxh4 {[%emt 0:00:20]} d4 {[%emt 0:00:03]} 47. b7 {[%emt 0:00:06]} d3 {[%emt 0:00:03]} 48. b8=Q {[%emt 0:00:18]} Rxb8 {[%emt 0:00:02]} 49. Kxb8 {[%emt 0:00:03]} d2 {[%emt 0:00:01]} 50. Rh1 {[%emt 0:00:05]} Ke2 {[%emt 0:00:05]} 51. f4 {[%emt 0:00:11]} Kf2 {[%emt 0:00:21]} 52. g4 {[%emt 0:00:04] SargissyanSargis Ñäàåòñÿ (Lag: Av=0.70s, max=1.7s)} 1-0

[Event "1st Online FIDE Cup for disabled players"]
[Site "T#646224FIDE"]
[Date "2020.05.21"]
[Round "4"]
[White "Lipilin_Ilia2002"]
[Black "Acsgabor"]
[Result "0-1"]
[WhiteElo "1680"]
[BlackElo "1686"]
[Annotator "NA"]
[PlyCount "104"]
[EventDate "2020.05.21"]
[EventType "swiss (blitz)"]

1. f4 {[%emt 0:00:03]} d5 {[%emt 0:00:32]} 2. Nf3 {[%emt 0:00:03]} g6 {[%emt 0:00:01]} 3. g3 {[%emt 0:00:04]} Bg7 {[%emt 0:00:02]} 4. Bg2 {[%emt 0:00:02]} Nf6 {[%emt 0:00:04]} 5. d3 {[%emt 0:00:02]} c5 {[%emt 0:00:10]} 6. O-O {[%emt 0:00:05]} O-O {[%emt 0:00:04]} 7. c3 {[%emt 0:00:02]} Nc6 {[%emt 0:00:15]} 8. Qc2 {[%emt 0:00:03]} Re8 {[%emt 0:00:13]} 9. Kh1 {[%emt 0:00:06]} e5 {[%emt 0:00:09]} 10. fxe5 {[%emt 0:00:02]} Nxe5 {[%emt 0:00:02]} 11. Nxe5 {[%emt 0:00:01]} Rxe5 {[%emt 0:00:02]} 12. Bf4 {[%emt 0:00:01]} Re8 {[%emt 0:00:15]} 13. e4 {[%emt 0:00:16]} dxe4 {[%emt 0:00:23]} 14. dxe4 {[%emt 0:00:00]} Ng4 {[%emt 0:00:24]} 15. Na3 {[%emt 0:00:14]} Be6 {[%emt 0:00:24]} 16. Rad1 {[%emt 0:00:07]} Qc8 {[%emt 0:00:15]} 17. Nb5 {[%emt 0:00:13]} Re7 {[%emt 0:00:40]} 18. Nd6 {[%emt 0:00:44]} Qf8 {[%emt 0:00:21]} 19. h3 {[%emt 0:00:48]} Ne5 {[%emt 0:00:06]} 20. Kh2 {[%emt 0:01:56]} Rd7 {[%emt 0:00:07]} 21. Nb5 {[%emt 0:00:23]} Qe8 {[%emt 0:00:27]} 22. Rxd7 {[%emt 0:00:11]} Qxd7 {[%emt 0:00:14]} 23. Bxe5 {[%emt 0:00:36]} Bxe5 {[%emt 0:00:07]} 24. c4 {[%emt 0:00:03]} Rd8 {[%emt 0:00:16]} 25. Nc3 {[%emt 0:00:32]} Bxc4 {[%emt 0:00:26]} 26. Rd1 {[%emt 0:00:07]} Qc7 {[%emt 0:00:14]} 27. Rxd8+ {[%emt 0:00:04]} Qxd8 {[%emt 0:00:04]} 28. Nd5 {[%emt 0:00:04]} Bxd5 {[%emt 0:00:21]} 29. exd5 {[%emt 0:00:08]} Qg5 {[%emt 0:00:02]} 30. Qb3 {[%emt 0:00:11]} c4 {[%emt 0:00:12]} 31. Qf3 {[%emt 0:00:46]} h5 {[%emt 0:00:03]} 32. b3 {[%emt 0:00:35]} c3 {[%emt 0:00:13]} 33. Qd3 {[%emt 0:00:04]} Qxg3+ {[%emt 0:00:08]} 34. Qxg3 {[%emt 0:00:04]} Bxg3+ {[%emt 0:00:01]} 35. Kxg3 {[%emt 0:00:00]} c2 {[%emt 0:00:01]} 36. d6 {[%emt 0:00:00]} c1=Q {[%emt 0:00:09]} 37. d7 {[%emt 0:00:01]} Qc7+ {[%emt 0:00:03]} 38. Kf2 {[%emt 0:00:04]} Qxd7 {[%emt 0:00:00]} 39. Ke3 {[%emt 0:00:02]} f5 {[%emt 0:00:09]} 40. Bf1 {[%emt 0:00:05]} g5 {[%emt 0:00:02]} 41. Bc4+ {[%emt 0:00:01]} Kg7 {[%emt 0:00:01]} 42. h4 {[%emt 0:00:01]} Kf6 {[%emt 0:00:00]} 43. hxg5+ {[%emt 0:00:02]} Kxg5 {[%emt 0:00:01]} 44. a4 {[%emt 0:00:01]} f4+ {[%emt 0:00:02]} 45. Ke4 {[%emt 0:00:01]} Qe7+ {[%emt 0:00:08]} 46. Kd5 {[%emt 0:00:02]} f3 {[%emt 0:00:02]} 47. a5 {[%emt 0:00:01]} f2 {[%emt 0:00:01]} 48. b4 {[%emt 0:00:01]} Qxb4 {[%emt 0:00:02]} 49. a6 {[%emt 0:00:03]} Qxc4+ {[%emt 0:00:02]} 50. Kd6 {[%emt 0:00:01]} f1=Q {[%emt 0:00:06]} 51. axb7 {[%emt 0:00:02]} Qf6+ {[%emt 0:00:01]} 52. Kd7 {[%emt 0:00:01]} Qcc6# {[%emt 0:00:03] (Lag: Av=0.63s, max=1.5s)} 0-1

[Event "1st Online FIDE Cup for disabled players"]
[Site "T#646224FIDE"]
[Date "2020.05.21"]
[Round "4"]
[White "Guannan_Song"]
[Black "Chicken16411"]
[Result "0-1"]
[WhiteElo "1679"]
[BlackElo "2126"]
[Annotator "NA"]
[PlyCount "78"]
[EventDate "2020.05.21"]
[EventType "swiss (blitz)"]

1. e4 {[%emt 0:00:04]} c5 {[%emt 0:00:02]} 2. Nc3 {[%emt 0:00:02]} Nc6 {[%emt 0:00:02]} 3. f4 {[%emt 0:00:01]} e6 {[%emt 0:00:04]} 4. Nf3 {[%emt 0:00:01]} Nge7 {[%emt 0:00:15]} 5. d4 {[%emt 0:00:03]} cxd4 {[%emt 0:00:02]} 6. Nxd4 {[%emt 0:00:00]} Nxd4 {[%emt 0:00:06]} 7. Qxd4 {[%emt 0:00:00]} Nc6 {[%emt 0:00:01]} 8. Qf2 {[%emt 0:00:02]} Bb4 {[%emt 0:00:10]} 9. Bd3 {[%emt 0:00:13]} d5 {[%emt 0:00:06]} 10. O-O {[%emt 0:00:10]} dxe4 {[%emt 0:00:25]} 11. Nxe4 {[%emt 0:00:10]} O-O {[%emt 0:00:06]} 12. Be3 {[%emt 0:00:08]} f5 {[%emt 0:00:16]} 13. Ng5 {[%emt 0:00:17]} h6 {[%emt 0:00:11]} 14. Nf3 {[%emt 0:00:07]} Qc7 {[%emt 0:00:17]} 15. Rad1 {[%emt 0:00:36]} Bd6 {[%emt 0:00:18]} 16. g3 {[%emt 0:00:11]} Nb4 {[%emt 0:00:07]} 17. Bd4 {[%emt 0:00:22]} b6 {[%emt 0:00:09]} 18. Rfe1 {[%emt 0:00:13]} Nxd3 {[%emt 0:00:23]} 19. Rxd3 {[%emt 0:00:04]} Ba6 {[%emt 0:00:10]} 20. Rde3 {[%emt 0:00:20]} Bc4 {[%emt 0:00:03]} 21. b3 {[%emt 0:00:15]} Bd5 {[%emt 0:00:02]} 22. c4 {[%emt 0:00:10]} Be4 {[%emt 0:00:03]} 23. Nd2 {[%emt 0:00:16]} Bb4 {[%emt 0:00:04]} 24. R1e2 {[%emt 0:00:18]} Bxd2 {[%emt 0:00:09]} 25. Rxd2 {[%emt 0:00:04]} Rad8 {[%emt 0:00:16]} 26. Re1 {[%emt 0:00:15]} Ba8 {[%emt 0:00:05]} 27. h4 {[%emt 0:02:28]} Qc6 {[%emt 0:00:11]} 28. Kh2 {[%emt 0:00:04]} Rd6 {[%emt 0:00:10]} 29. Be5 {[%emt 0:00:20]} Rxd2 {[%emt 0:00:06]} 30. Qxd2 {[%emt 0:00:00]} Kh7 {[%emt 0:00:01]} 31. Ba1 {[%emt 0:00:23]} Rd8 {[%emt 0:00:13]} 32. Qb2 {[%emt 0:00:09]} Rd7 {[%emt 0:00:20]} 33. Rd1 {[%emt 0:00:03]} e5 {[%emt 0:00:15]} 34. Rg1 {[%emt 0:01:19]} Qf3 {[%emt 0:00:32]} 35. fxe5 {[%emt 0:01:10]} Qe3 {[%emt 0:00:29]} 36. Qc1 {[%emt 0:00:46]} Rd2+ {[%emt 0:00:09]} 37. Kh3 {[%emt 0:00:03]} Bf3 {[%emt 0:00:12]} 38. h5 {[%emt 0:00:18]} Bg4+ {[%emt 0:00:04]} 39. Kh4 {[%emt 0:00:03]} Qg5# {[%emt 0:00:06] (Lag: Av=0.64s, max=0.8s)} 0-1

[Event "1st Online FIDE Cup for disabled players"]
[Site "T#646224FIDE"]
[Date "2020.05.21"]
[Round "4"]
[White "Matthias Dorner"]
[Black "Aigner_Michael"]
[Result "1/2-1/2"]
[WhiteElo "1647"]
[BlackElo "1661"]
[Annotator "NA"]
[PlyCount "65"]
[EventDate "2020.05.21"]
[EventType "swiss (blitz)"]

1. d4 {[%emt 0:00:03]} f5 {[%emt 0:00:02]} 2. c3 {[%emt 0:00:01]} Nf6 {[%emt 0:00:01]} 3. Bf4 {[%emt 0:00:02]} e6 {[%emt 0:00:22]} 4. e3 {[%emt 0:00:08]} d5 {[%emt 0:00:01]} 5. Nd2 {[%emt 0:00:03]} Bd6 {[%emt 0:00:02]} 6. Nh3 {[%emt 0:00:01]} O-O {[%emt 0:00:02]} 7. Bd3 {[%emt 0:00:02]} Nc6 {[%emt 0:00:08]} 8. Qc2 {[%emt 0:00:11]} a6 {[%emt 0:00:21]} 9. O-O {[%emt 0:00:04]} Ne7 {[%emt 0:00:03]} 10. f3 {[%emt 0:00:06]} Ng6 {[%emt 0:00:05]} 11. Bxd6 {[%emt 0:00:03]} cxd6 {[%emt 0:00:47]} 12. e4 {[%emt 0:00:06]} Ne7 {[%emt 0:01:39]} 13. exf5 {[%emt 0:00:07]} Nxf5 {[%emt 0:00:03]} 14. Bxf5 {[%emt 0:00:04]} exf5 {[%emt 0:00:01]} 15. Rfe1 {[%emt 0:00:04]} Bd7 {[%emt 0:00:08]} 16. Nf4 {[%emt 0:00:08]} Re8 {[%emt 0:00:05]} 17. Qb3 {[%emt 0:00:02]} Bc6 {[%emt 0:00:23]} 18. Nf1 {[%emt 0:00:21]} Qd7 {[%emt 0:00:07]} 19. Ne3 {[%emt 0:00:08]} Ba4 {[%emt 0:00:18]} 20. Qb6 {[%emt 0:00:27]} Bc6 {[%emt 0:00:04]} 21. Nc2 {[%emt 0:00:35]} g5 {[%emt 0:00:05]} 22. Nh3 {[%emt 0:00:09]} h6 {[%emt 0:00:12]} 23. Nb4 {[%emt 0:00:04]} Rxe1+ {[%emt 0:00:15]} 24. Rxe1 {[%emt 0:00:03]} Re8 {[%emt 0:00:03]} 25. Rxe8+ {[%emt 0:00:06]} Qxe8 {[%emt 0:00:01]} 26. Kf2 {[%emt 0:00:05]} f4 {[%emt 0:00:04]} 27. Nxc6 {[%emt 0:00:07]} Qe3+ {[%emt 0:01:15]} 28. Kf1 {[%emt 0:00:02]} Qc1+ {[%emt 0:00:01]} 29. Ke2 {[%emt 0:00:21]} Qc2+ {[%emt 0:00:01]} 30. Ke1 {[%emt 0:00:09]} Qc1+ {[%emt 0:00:01]} 31. Ke2 {[%emt 0:00:06]} Qc2+ {[%emt 0:00:02]} 32. Ke1 {[%emt 0:00:05]} Qc1+ {[%emt 0:00:01]} 33. Ke2 {[%emt 0:00:01] (Lag: Av=0.43s, max=1.0s)} 1/2-1/2

[Event "1st Online FIDE Cup for disabled players"]
[Site "T#646224FIDE"]
[Date "2020.05.21"]
[Round "4"]
[White "Shahpalangov"]
[Black "REIFENCHUK1"]
[Result "0-1"]
[WhiteElo "1635"]
[BlackElo "1595"]
[Annotator "NA"]
[PlyCount "84"]
[EventDate "2020.05.21"]
[EventType "swiss (blitz)"]

1. e4 {[%emt 0:00:05]} c5 {[%emt 0:00:06]} 2. Nf3 {[%emt 0:00:07]} Nc6 {[%emt 0:00:01]} 3. Bb5 {[%emt 0:00:03]} g6 {[%emt 0:00:01]} 4. Bxc6 {[%emt 0:00:02]} bxc6 {[%emt 0:00:01]} 5. d3 {[%emt 0:00:02]} Bg7 {[%emt 0:00:01]} 6. Nc3 {[%emt 0:00:01]} d6 {[%emt 0:00:02]} 7. O-O {[%emt 0:00:05]} e5 {[%emt 0:00:01]} 8. Bd2 {[%emt 0:00:05]} Ne7 {[%emt 0:00:03]} 9. Qc1 {[%emt 0:00:03]} h6 {[%emt 0:00:02]} 10. Rb1 {[%emt 0:00:03]} a5 {[%emt 0:00:03]} 11. b3 {[%emt 0:00:04]} f5 {[%emt 0:00:05]} 12. exf5 {[%emt 0:00:09]} Nxf5 {[%emt 0:00:02]} 13. Ne4 {[%emt 0:00:10]} O-O {[%emt 0:00:02]} 14. Ng3 {[%emt 0:00:55]} g5 {[%emt 0:00:14]} 15. Nxf5 {[%emt 0:00:16]} Bxf5 {[%emt 0:00:02]} 16. Be3 {[%emt 0:00:03]} Qe7 {[%emt 0:00:06]} 17. Re1 {[%emt 0:00:14]} Be6 {[%emt 0:00:38]} 18. Qa3 {[%emt 0:00:12]} Rxf3 {[%emt 0:00:10]} 19. gxf3 {[%emt 0:00:04]} Bd5 {[%emt 0:00:00]} 20. d4 {[%emt 0:00:12]} Qe6 {[%emt 0:00:27]} 21. Kf1 {[%emt 0:01:32]} Bxf3 {[%emt 0:00:04]} 22. Red1 {[%emt 0:00:04]} exd4 {[%emt 0:00:06]} 23. b4 {[%emt 0:00:17]} dxe3 {[%emt 0:00:49]} 24. Qxe3 {[%emt 0:00:30]} Qxe3 {[%emt 0:00:17]} 25. fxe3 {[%emt 0:00:02]} Bxd1 {[%emt 0:00:01]} 26. Rxd1 {[%emt 0:00:01] Shahpalangov Ïðåäëàãàåò íèü} axb4 {[%emt 0:00:08]} 27. Rxd6 {[%emt 0:00:02]} Rxa2 {[%emt 0:00:08]} 28. Rxc6 {[%emt 0:00:01]} Bf8 {[%emt 0:00:01]} 29. Rg6+ {[%emt 0:00:05]} Kf7 {[%emt 0:00:03]} 30. Rb6 {[%emt 0:00:01]} Rxc2 {[%emt 0:00:02]} 31. Rb7+ {[%emt 0:00:01]} Be7 {[%emt 0:00:01]} 32. h3 {[%emt 0:00:03]} c4 {[%emt 0:00:01]} 33. Ke1 {[%emt 0:00:03]} b3 {[%emt 0:00:01]} 34. Kd1 {[%emt 0:00:01]} Rh2 {[%emt 0:00:02]} 35. e4 {[%emt 0:00:02] Shahpalangov Ïðåäëàãàåò íèü} Rxh3 {[%emt 0:00:13]} 36. Kd2 {[%emt 0:00:07]} c3+ {[%emt 0:00:03]} 37. Kd1 {[%emt 0:00:02]} c2+ {[%emt 0:00:02]} 38. Kd2 {[%emt 0:00:02]} Rh2+ {[%emt 0:00:02]} 39. Kd3 {[%emt 0:00:05]} c1=Q {[%emt 0:00:02]} 40. e5 {[%emt 0:00:02]} Qc2+ {[%emt 0:00:06]} 41. Kd4 {[%emt 0:00:01]} Rd2+ {[%emt 0:00:05]} 42. Ke3 {[%emt 0:00:01] Shahpalangov Ïðåäëàãàåò íèü} Qd3# {[%emt 0:00:03] (Lag: Av=0.43s, max=0.7s)} 0-1

[Event "1st Online FIDE Cup for disabled players"]
[Site "T#646224FIDE"]
[Date "2020.05.21"]
[Round "4"]
[White "Economist1"]
[Black "Sahinhandenur"]
[Result "0-1"]
[WhiteElo "1620"]
[BlackElo "1570"]
[Annotator "NA"]
[PlyCount "64"]
[EventDate "2020.05.21"]
[EventType "swiss (blitz)"]

1. g3 {[%emt 0:00:08]} e5 {[%emt 0:00:06]} 2. Bg2 {[%emt 0:00:05]} d5 {[%emt 0:00:02]} 3. d3 {[%emt 0:00:02]} Nf6 {[%emt 0:00:03]} 4. Nf3 {[%emt 0:00:04]} Bd6 {[%emt 0:00:03]} 5. O-O {[%emt 0:00:05]} h6 {[%emt 0:00:05]} 6. c4 {[%emt 0:00:02]} c6 {[%emt 0:00:17]} 7. Nc3 {[%emt 0:00:28]} O-O {[%emt 0:00:07]} 8. b3 {[%emt 0:00:12]} Qe7 {[%emt 0:00:27]} 9. cxd5 {[%emt 0:00:17]} cxd5 {[%emt 0:00:03]} 10. Nb5 {[%emt 0:00:04]} Bc5 {[%emt 0:00:19]} 11. d4 {[%emt 0:00:14]} exd4 {[%emt 0:00:15]} 12. Nbxd4 {[%emt 0:00:09]} Nc6 {[%emt 0:00:02]} 13. Bb2 {[%emt 0:00:06]} Re8 {[%emt 0:00:31]} 14. Rc1 {[%emt 0:00:21]} Bd7 {[%emt 0:00:17]} 15. e3 {[%emt 0:00:39]} Rac8 {[%emt 0:00:12]} 16. Nxc6 {[%emt 0:00:32]} bxc6 {[%emt 0:00:48]} 17. Nd4 {[%emt 0:00:24]} Ba3 {[%emt 0:00:18]} 18. Qc2 {[%emt 0:00:27]} Bxb2 {[%emt 0:00:08]} 19. Qxb2 {[%emt 0:00:04]} Ne4 {[%emt 0:00:05]} 20. Rc2 {[%emt 0:00:59]} Red8 {[%emt 0:01:33]} 21. Qc1 {[%emt 0:00:30]} c5 {[%emt 0:00:33]} 22. Ne2 {[%emt 0:00:07]} Bb5 {[%emt 0:00:10]} 23. Rd1 {[%emt 0:00:11]} Qf6 {[%emt 0:00:31]} 24. Nf4 {[%emt 0:00:11]} Qe5 {[%emt 0:00:58]} 25. Nd3 {[%emt 0:00:32]} Qf5 {[%emt 0:01:00]} 26. Nf4 {[%emt 0:00:58]} Qe5 {[%emt 0:00:24]} 27. Bxe4 {[%emt 0:00:34]} dxe4 {[%emt 0:00:08]} 28. Rxd8+ {[%emt 0:00:06]} Rxd8 {[%emt 0:00:04]} 29. Rxc5 {[%emt 0:00:03]} Qxc5 {[%emt 0:00:19]} 30. Qxc5 {[%emt 0:00:11]} Rd1+ {[%emt 0:00:02]} 31. Kg2 {[%emt 0:00:02]} Bf1+ {[%emt 0:00:02]} 32. Kg1 {[%emt 0:00:02]} Bh3# {[%emt 0:00:03] (Lag: Av=0.69s, max=1.0s)} 0-1

[Event "1st Online FIDE Cup for disabled players"]
[Site "T#646224FIDE"]
[Date "2020.05.21"]
[Round "4"]
[White "Yormanali79"]
[Black "Annegret_Mucha"]
[Result "0-1"]
[WhiteElo "1620"]
[BlackElo "1575"]
[Annotator "NA"]
[PlyCount "66"]
[EventDate "2020.05.21"]
[EventType "swiss (blitz)"]

1. d4 {[%emt 0:00:16]} Nf6 {[%emt 0:00:04]} 2. c4 {[%emt 0:00:06]} e6 {[%emt 0:00:04]} 3. Bg5 {[%emt 0:00:05]} Be7 {[%emt 0:00:39]} 4. Nc3 {[%emt 0:00:10]} d5 {[%emt 0:00:09]} 5. e3 {[%emt 0:00:08]} O-O {[%emt 0:00:20]} 6. Nf3 {[%emt 0:00:08]} b6 {[%emt 0:00:18]} 7. cxd5 {[%emt 0:00:19]} exd5 {[%emt 0:00:21]} 8. Bd3 {[%emt 0:00:18]} Ba6 {[%emt 0:00:21]} 9. O-O {[%emt 0:00:49]} Bxd3 {[%emt 0:00:28]} 10. Qxd3 {[%emt 0:00:00]} Nc6 {[%emt 0:00:07]} 11. a3 {[%emt 0:00:14]} Na5 {[%emt 0:00:23]} 12. Ne5 {[%emt 0:01:53]} c5 {[%emt 0:01:58]} 13. dxc5 {[%emt 0:00:33]} bxc5 {[%emt 0:00:07]} 14. Rfd1 {[%emt 0:01:59]} c4 {[%emt 0:00:43]} 15. Qe2 {[%emt 0:00:43]} Nb3 {[%emt 0:00:46]} 16. Rab1 {[%emt 0:00:20]} Qc7 {[%emt 0:00:15]} 17. Nf3 {[%emt 0:00:38]} Rfd8 {[%emt 0:00:17]} 18. Bxf6 {[%emt 0:00:26]} Bxf6 {[%emt 0:00:31]} 19. Nxd5 {[%emt 0:00:03]} Qc6 {[%emt 0:00:58]} 20. Nxf6+ {[%emt 0:00:08]} gxf6 {[%emt 0:00:10]} 21. Nd4 {[%emt 0:00:20]} Nxd4 {[%emt 0:00:17]} 22. Rxd4 {[%emt 0:00:30]} Rxd4 {[%emt 0:00:02]} 23. exd4 {[%emt 0:00:03]} Qd5 {[%emt 0:00:14]} 24. Rd1 {[%emt 0:00:14]} Rd8 {[%emt 0:00:13]} 25. Qe3 {[%emt 0:00:14]} Qb5 {[%emt 0:00:18]} 26. Qc3 {[%emt 0:00:21]} Qd5 {[%emt 0:00:14]} 27. h3 {[%emt 0:00:09]} Kg7 {[%emt 0:00:22]} 28. Qg3+ {[%emt 0:00:06]} Kh8 {[%emt 0:00:05]} 29. Qf4 {[%emt 0:00:08]} Qg5 {[%emt 0:00:21]} 30. Qe3 {[%emt 0:00:14]} Qd5 {[%emt 0:00:18]} 31. Qe7 {[%emt 0:00:14]} Rg8 {[%emt 0:00:50]} 32. Qxf6+ {[%emt 0:00:03]} Rg7 {[%emt 0:00:02]} 33. Re1 {[%emt 0:00:20]} Qxg2# {[%emt 0:00:05] (Lag: Av=0.72s, max=2.3s)} 0-1

[Event "1st Online FIDE Cup for disabled players"]
[Site "T#646224FIDE"]
[Date "2020.05.21"]
[Round "4"]
[White "Soltanov_Serik"]
[Black "Thuyttb80"]
[Result "1-0"]
[WhiteElo "1575"]
[BlackElo "1498"]
[Annotator "NA"]
[PlyCount "155"]
[EventDate "2020.05.21"]
[EventType "swiss (blitz)"]

1. d4 {[%emt 0:00:06]} Nf6 {[%emt 0:00:04]} 2. Nf3 {[%emt 0:00:05]} e6 {[%emt 0:00:02]} 3. c4 {[%emt 0:00:03]} c5 {[%emt 0:00:16]} 4. d5 {[%emt 0:00:06]} d6 {[%emt 0:00:07]} 5. Nc3 {[%emt 0:00:07]} Be7 {[%emt 0:00:03]} 6. e4 {[%emt 0:00:05]} exd5 {[%emt 0:00:23]} 7. exd5 {[%emt 0:00:05]} O-O {[%emt 0:00:02]} 8. Be2 {[%emt 0:00:08]} Bf5 {[%emt 0:00:18]} 9. Kf1 {[%emt 0:00:03]} a6 {[%emt 0:00:20]} 10. Kg1 {[%emt 0:00:00]} h6 {[%emt 0:00:07]} 11. Bf4 {[%emt 0:00:07]} Ne4 {[%emt 0:00:26]} 12. h3 {[%emt 0:00:15]} Bf6 {[%emt 0:00:20]} 13. Qb3 {[%emt 0:00:29]} Qc7 {[%emt 0:00:15]} 14. g4 {[%emt 0:00:07]} Bg6 {[%emt 0:00:15]} 15. Kg2 {[%emt 0:00:04]} Nd7 {[%emt 0:00:11]} 16. Rhe1 {[%emt 0:00:06]} Nxc3 {[%emt 0:00:29]} 17. bxc3 {[%emt 0:00:05]} Rfe8 {[%emt 0:00:05]} 18. Qb2 {[%emt 0:00:22]} Rab8 {[%emt 0:00:32]} 19. Qd2 {[%emt 0:00:12]} Ne5 {[%emt 0:00:19]} 20. Nxe5 {[%emt 0:00:13]} Bxe5 {[%emt 0:00:02]} 21. Bf3 {[%emt 0:00:10]} f6 {[%emt 0:01:47]} 22. h4 {[%emt 0:00:27]} Re7 {[%emt 0:00:43]} 23. g5 {[%emt 0:00:26]} hxg5 {[%emt 0:00:33]} 24. hxg5 {[%emt 0:00:03]} Rbe8 {[%emt 0:00:02]} 25. Rh1 {[%emt 0:00:34]} Bxf4 {[%emt 0:00:46]} 26. Qxf4 {[%emt 0:00:05]} Re5 {[%emt 0:00:02]} 27. gxf6 {[%emt 0:00:49]} Rf5 {[%emt 0:00:08]} 28. Qh4 {[%emt 0:00:23]} Rxf6 {[%emt 0:00:11]} 29. Bg4 {[%emt 0:00:07]} Qe7 {[%emt 0:02:37]} 30. Be6+ {[%emt 0:00:07]} Rxe6 {[%emt 0:00:01]} 31. dxe6 {[%emt 0:00:04]} Qxe6 {[%emt 0:00:01]} 32. Rae1 {[%emt 0:00:27]} Qd7 {[%emt 0:00:33]} 33. Rxe8+ {[%emt 0:00:19]} Qxe8 {[%emt 0:00:03]} 34. Qh8+ {[%emt 0:00:02]} Kf7 {[%emt 0:00:02]} 35. Qxe8+ {[%emt 0:00:01]} Kxe8 {[%emt 0:00:01]} 36. Re1+ {[%emt 0:00:02]} Kf7 {[%emt 0:00:20]} 37. Kg3 {[%emt 0:00:02]} Bd3 {[%emt 0:00:03]} 38. Rd1 {[%emt 0:00:08]} Bxc4 {[%emt 0:00:02]} 39. Rxd6 {[%emt 0:00:02]} Ke7 {[%emt 0:00:08]} 40. Rb6 {[%emt 0:00:02]} Bd5 {[%emt 0:00:15]} 41. a3 {[%emt 0:00:03]} Bc6 {[%emt 0:00:03]} 42. Kf4 {[%emt 0:00:03]} Kf6 {[%emt 0:00:05]} 43. Rb1 {[%emt 0:00:07]} g6 {[%emt 0:00:05]} 44. Rd1 {[%emt 0:00:04]} g5+ {[%emt 0:00:08]} 45. Ke3 {[%emt 0:00:10]} Kf5 {[%emt 0:00:09]} 46. Rd8 {[%emt 0:00:03]} Kg4 {[%emt 0:00:07]} 47. Rf8 {[%emt 0:00:03]} Kh5 {[%emt 0:00:08]} 48. Rf5 {[%emt 0:00:21]} Kg4 {[%emt 0:00:02]} 49. Rxc5 {[%emt 0:00:03]} Kh4 {[%emt 0:00:04]} 50. Re5 {[%emt 0:00:02]} Kg4 {[%emt 0:00:08]} 51. c4 {[%emt 0:00:02]} Kh4 {[%emt 0:00:02]} 52. c5 {[%emt 0:00:02]} Kg4 {[%emt 0:00:02]} 53. Re7 {[%emt 0:00:02]} Kh4 {[%emt 0:00:03]} 54. Rf7 {[%emt 0:00:03]} Kg4 {[%emt 0:00:02]} 55. Kd4 {[%emt 0:00:02]} Kh3 {[%emt 0:00:04]} 56. Ke5 {[%emt 0:00:07]} g4 {[%emt 0:00:02]} 57. Kf4 {[%emt 0:00:04]} Bf3 {[%emt 0:00:07]} 58. Ke3 {[%emt 0:00:14]} Kg2 {[%emt 0:00:01]} 59. Rf4 {[%emt 0:00:09]} a5 {[%emt 0:00:28]} 60. Ra4 {[%emt 0:00:02]} Bc6 {[%emt 0:00:06]} 61. Rxa5 {[%emt 0:00:01]} Bf3 {[%emt 0:00:04]} 62. Ra7 {[%emt 0:00:03]} Bc6 {[%emt 0:00:01]} 63. a4 {[%emt 0:00:02]} Bd5 {[%emt 0:00:03]} 64. a5 {[%emt 0:00:01]} Bc6 {[%emt 0:00:01]} 65. a6 {[%emt 0:00:05]} bxa6 {[%emt 0:00:06]} 66. Rxa6 {[%emt 0:00:03]} Bf3 {[%emt 0:00:15]} 67. c6 {[%emt 0:00:02]} Bd5 {[%emt 0:00:06]} 68. c7 {[%emt 0:00:02]} Bb7 {[%emt 0:00:05]} 69. Rb6 {[%emt 0:00:02]} Bc8 {[%emt 0:00:03]} 70. Rb8 {[%emt 0:00:01]} Bf5 {[%emt 0:00:02]} 71. c8=Q {[%emt 0:00:01]} Bxc8 {[%emt 0:00:04]} 72. Rxc8 {[%emt 0:00:01]} g3 {[%emt 0:00:01]} 73. fxg3 {[%emt 0:00:02]} Kxg3 {[%emt 0:00:01]} 74. Rg8+ {[%emt 0:00:02]} Kh4 {[%emt 0:00:03]} 75. Kf4 {[%emt 0:00:03]} Kh5 {[%emt 0:00:01]} 76. Rg1 {[%emt 0:00:05]} Kh6 {[%emt 0:00:02]} 77. Kf5 {[%emt 0:00:01]} Kh7 {[%emt 0:00:03]} 78. Kf6 {[%emt 0:00:01] Thuyttb80 resigns (Lag: Av=1.05s, max=1.6s)} 1-0